NTA CUET UG (Record no. 215893)

MARC details
000 -LEADER
fixed length control field 00566nam a2200181 4500
005 - DATE AND TIME OF LATEST TRANSACTION
control field 20260415150709.0
010 ## - LCCN (DPL NO)
LC control number ENG-148288
020 ## - INTERNATIONAL STANDARD BOOK NUMBER
International Standard Book Number 9789371365277
Terms of availability 730.00
035 ## - SYSTEM CONTROL NUMBER
System control number EN-131820
037 ## - SOURCE OF ACQUISITION
Source of stock number/acquisition DBAD
082 ## - DEWEY DECIMAL CLASSIFICATION NUMBER
Edition number 1
Classification number 000
245 ## - TITLE STATEMENT
Title NTA CUET UG
Remainder of title ENGLISH LANGUAGE AND GENERAL APTITUDE TEST
250 ## - EDITION STATEMENT
Edition statement 1
260 ## - PUBLICATION, DISTRIBUTION, ETC. (IMPRINT)
Place of publication, distribution, etc UTTAR PRADESH
Name of publisher, distributor, etc PERSON INDIA EDUCATION SERVICES PVT. LTD
270 ## - ADDRESS
Address IST FLOOR, BERGER TOWER, PLOT NO. C-001A/2, SECTOR 16B, NOIDA
City INDIA
Postal code 201301
300 ## - PHYSICAL DESCRIPTION
Extent M5.10
Dimensions 23CM(pb)
942 ## - ADDED ENTRY ELEMENTS (KOHA)
Source of classification or shelving scheme Dewey Decimal Classification
Item type English Books
Edition 1
Classification part 000
Call number suffix NTA
Holdings
Withdrawn status Lost status Not for loan Collection code Home library Current library Date acquired Source of acquisition Cost, normal purchase price Full call number Barcode Copy number Cost, replacement price Koha item type
    Not For Loan Non-fiction D.B.Act.Division D.B.Act.Division 15/04/2026 DBAD 730.00 000 NTA EN-131820 1 730.00 English Books

© Delhi Public Library
Hit Counter
free hit counter